Simulation of Control Systems
Salvato in:
| Natura: | Libro |
|---|---|
| Pubblicazione: |
Oxford :
Pergamon Press,
1987
|
| Tags: |
Nessun Tag, puoi essere il primo ad aggiungerne!!
|
MARC
| LEADER | 00000nam a22000003a 4500 | ||
|---|---|---|---|
| 001 | stu48210 | ||
| 005 | 20150408175921.9 | ||
| 008 | ------s1987----uk----------------------d | ||
| 040 | |a STU |b slo | ||
| 041 | 0 | ||
| 044 | |a uk | ||
| 080 | |a 519.876.5 | ||
| 080 | |a 681.51 | ||
| 245 | |a Simulation of Control Systems | ||
| 260 | |a Oxford : |b Pergamon Press, |c 1987 | ||
| 300 | |a 459 s | ||
| 996 | |b J82543 |c J*82543/K 1 |l JJK1 |s P |a 0 |w stu48210_0001 | ||